| 000 | 00580nam a2200193Ia 4500 | ||
|---|---|---|---|
| 008 | 151121s9999||||xx |||||||||||||| ||und|| | ||
| 082 | _a813-/कुलक | ||
| 082 | _bHNW-54566 | ||
| 100 | _aकुलकर्णी वसंत | ||
| 245 | _aमळभ | ||
| 260 | _bकनार्टक राज्य मराठी साहित्य परिषद | ||
| 260 | _c-- | ||
| 300 | _a110 | ||
| 600 | _aकुलकर्णी वसंत | ||
| 630 | _aमळभ | ||
| 700 | _aकुलकर्णी वसंत | ||
| 730 | _aमळभ | ||
| 942 | _cBOOK | ||
| 999 |
_c1237807 _d1237804 |
||